000 00669nam a22001935i 4500
001 157963
003 ES-MaACL
005 20230906210923.0
008 040820s1875 gw |||| | eng d
040 _aCAM
_bspa
_cCAM
100 1 _aLongfellow, Henry Wadsworth.
_973236
245 1 4 _aThe masque of Pandora
_b: ; and other poems /
_cby Henry Wadsworth Longfellow.
260 _aLeipzig :
_bBernhard Tauchnitz,
_c1875.
300 _a280 p. ;
_c17 cm.
490 1 _aCollection of british authors ;
_v1546
830 0 _aCollection of british authors ;
_v1546
_9180703
852 _aES-MaACL
_jG-11828
_z-- Enc. hol. consevando la cub. original
999 _c157963
_d157963